James Tavernier Manager Quiz - Statistics

General Stats
  • This quiz has been taken 6 times
  • The average score is 10 of 13
Answer Stats
Picture Answer % Correct
Barry Ferguson
100%
Danny Rohl
100%
Philippe Clement
100%
Russell Martin
100%
Steven Gerrard
100%
Michael Beale
80%
Steven Davis
80%
Giovanni Van Bronckhorst
60%
Mark Warburton
60%
Pedro Caixinha
60%
Steven Smith
60%
Graeme Murty
40%
Jimmy Nicholl
20%
No matching quizzes found
Score Distribution
Percent of People with Each Score
Percentile by Number Answered
Your Score History
You have not taken this quiz